000 00702nam a2200289Ia 4500
005 20260324134126.0
008 008 260324s9999 xx 000 0 eng d
020 _a9781315069470
037 _aEBOOK
040 _aCRL
040 _beng
040 _cCRL
041 _2eng
041 _aeng
084 _qCRL
100 _aDot Constable
_91195661
245 0 _aPlanning and Organising the SENCO Year
245 0 _bTime Saving Strategies for Effective Practice
260 _bTaylor and Francis
260 _c2002
365 _a
365 _b180
856 _uhttp://www.taylorfrancis.com/books/9781315069470
942 _cEBOOK
999 _c1795399
_d1795399